000 00536nam a2200193Ia 4500
005 20250508152018.0
008 008 250505s9999 xx 000 0 eng d
037 _aTextual
040 _aFEDL
_beng
_cFEDL
041 _aeng
_2eng
084 _a371.3, SPA
_qFEDL
100 _aSpache George D
_9760577
245 0 _aArt of efficient reading
260 _aNew York, USA
_bThe Macmillan Company
_c1955
300 _aix,272p.
650 _aTeaching Technique
942 _cTEXL
_h371.3, SPA
999 _c1333599
_d1333599